000 00615njm a2200181 i 4500
001 C2-0264916
003 PPAK
005 20180729152302.0
008 050521s2005 my |||| ||||| | may d
040 _aPPAK
_beng
_cPPAK
_erda
245 0 0 _aIsmail Hussein bersama GAPENA
264 1 _aAlor Setar, Kedah :
_bPerbadanan Perpustakaan Awam Kedah ,
_c2005
336 _2rdacontent
_atext
337 _2rdamedia
_aunmediated
338 _2rdacarrier
_avolume
500 _aTiada transkripsi ; Dirakam pada 14/05/2005 di Auditorium PPAK ; Rakaman Majlis Pelancaran Buku 'Ismail Hussein Bersama GAPENA'
942 _ddc
_cB
999 _c163438
_d163438